000 00811nam a22002657a 4500
999 _c8112
_d8112
003 AR-CdUCM
008 190322b ||||| |||| 00| 0 spa d
040 _aMUNICIPALIDAD PROVINCIAL DEL CUSCO
_cBIBLIOTECA MUNICIPAL DEL CUSCO
041 _heng
082 _a301.5 /
_bM88
100 _aMottez, Bernard
_922905
245 _aLa Sociología Industrial /
260 _aBarcelona :
_bOikos-tau,
_c1972.
300 _a122 paginas ;
_c18 cm.
440 _a¿ que se ?
_n72
_922906
505 _aContenido: trabajo -- relaciones humanas -- sociologia -- trabajo y tecnica
650 _aSociologia
_9276
650 _aTrabajo
_94726
650 _aTrabajo
_94726
650 _aRemuneraciones
_922907
650 _aIndustrial
_911684
700 _aGarcia Bosch, J.
_922908
942 _2ddc
_cLIBROS
945 _apjha